| 000 | 00967 a2200181 4500 | ||
|---|---|---|---|
| 003 | NUST | ||
| 005 | 20221028123655.0 | ||
| 020 | _a8121905273 | ||
| 040 | _cNust | ||
| 082 | _a510,ARO | ||
| 100 |
_a Arora .P.N _9101623 |
||
| 245 |
_aMathematics : _bprofessional education (Course-I) C.A. Foundation Course / _cP.N.Arora, S.Arora |
||
| 260 |
_aNew Delhi _bS,Chand & Company Ltd _c1993 |
||
| 300 | _a604 P.: | ||
| 505 | _aFunctions And Application (Page-1), Differential Calculus (Page-44), Applications Of Differential Calculus (Page-110), Integral Calculus (Page-141), Definite Integral (Page-183), Applications Of Integral Calculus (Page-202), Graph Of Linear Inequalities (Page-202), Arithmetic And Geometric Progressions (Page-255), Permutations And Combinations (Page-310), Matrices (Page-356), Mathematics Of Finance (Page-433), Objective Type Questions (Page-463), Galaxy of Soled Problems (Page-502). | ||
| 650 | _aMathematics | ||
| 942 |
_2ddc _cBK _k510,ARO |
||
| 999 |
_c176992 _d176992 |
||